Gares du Var - Statistiques

Statistiques générales
  • Ce quiz a été pris 175 fois
    115 depuis la dernière actualisation
  • Le résultat moyen est 14 sur 26
Statistiques - réponses
Nombre de voyageurs Gares % Correct
4 733 117 Toulon
99%
165 444 La Pauline - Hyères
92%
997 559 Les Arcs - Draguignan
88%
677 310 Hyères
84%
1 421 923 Saint Raphaël - Valescure
84%
187 252 Fréjus
83%
355 848 La Seyne - Six Fours
72%
218 212 La Garde
71%
430 331 Ollioules - Sanary sur Mer
64%
368 416 Bandol
63%
388 741 Saint Cyr - Les Lecques - La Cadière
59%
111 464 La Crau
54%
19 083 Vidauban
47%
124 755 Cuers - Pierrefeu
46%
107 346 Solliès Pont
42%
109 242 Carnoules
41%
33 585 Gonfaron
38%
31 844 Puget Ville
33%
3 364 Agay
32%
35 595 Boulouris sur Mer
29%
46 556 Pignans
29%
116 047 Toulon Sainte Musse
28%
15 067 Anthéor Cap Roux
26%
14 088 Le Trayas
25%
23 119 Le Dramont
24%
59 710 Le Luc et le Cannet
20%
Aucun quiz correspondant
Distribution des résultats
% des personnes avec chaque résultat
Percentile par nombre de réponses
Votre historique - résultats
Vous n’avez pas pris ce quiz depuis la dernière actualisation